HSE announces new timetable for construction design regulations (Record no. 76576)
[ view plain ]
| 000 -LEADER | |
|---|---|
| fixed length control field | 01297cab a2200217 4500 |
| 001 - CONTROL NUMBER | |
| control field | ##L132708 |
| 008 - FIXED-LENGTH DATA ELEMENTS--GENERAL INFORMATION | |
| fixed length control field | 060301n2006 000 0 eng u |
| 035 ## - SYSTEM CONTROL NUMBER | |
| System control number | (Sirsi) u132708 |
| 041 0# - LANGUAGE CODE | |
| Language code of text/sound track or separate title | eng |
| 110 1# - MAIN ENTRY--CORPORATE NAME | |
| Corporate name or jurisdiction name as entry element | Great Britain |
| Subordinate unit | Health and Safety Executive |
| 245 00 - TITLE STATEMENT | |
| Title | HSE announces new timetable for construction design regulations |
| 260 ## - PUBLICATION, DISTRIBUTION, ETC. | |
| Date of publication, distribution, etc. | 2006 |
| 490 #0 - SERIES STATEMENT | |
| Series statement | (Health and Safety Executive Press Release |
| Volume/sequential designation | E021:06 28 February 2006) |
| 520 ## - SUMMARY, ETC. | |
| Summary, etc. | The Health and Safety Executive (HSE) has announced that the revised Construction (Design and Management) (CDM) Regulations will be implemented in Spring 2007, instead of October 2006 as originally intended. A final draft of an Approved Code of Practice supporting the new regulations will be made available three months prior to the regulations coming into force. The regulations will revise and consolidate the existing CDM Regulations 1994 and the Construction (Health Safety and Welfare) Regulations 1996. |
| 590 ## - LOCAL NOTE (RLIN) | |
| Local note | IKA140306 |
| 650 24 - SUBJECT ADDED ENTRY--TOPICAL TERM | |
| Topical term or geographic name entry element | CONSTRUCTION (DESIGN AND MANAGEMENT) REGULATIONS 1994 |
| 650 24 - SUBJECT ADDED ENTRY--TOPICAL TERM | |
| Topical term or geographic name entry element | CONSTRUCTION (HEALTH, SAFETY AND WELFARE) REGULATIONS 1996 |
| 690 ## - LOCAL SUBJECT ADDED ENTRY--TOPICAL TERM (OCLC, RLIN) | |
| Topical term or geographic name as entry element | MANAGEMENT-HEALTH AND SAFETY |
| 856 41 - ELECTRONIC LOCATION AND ACCESS | |
| Uniform Resource Identifier | <a href="https://www.hse.gov.uk/press/2006/e06021.htm">https://www.hse.gov.uk/press/2006/e06021.htm</a> |
| Public note | View the item free of charge at www.hse.gov.uk |
| 942 ## - ADDED ENTRY ELEMENTS (KOHA) | |
| Suppress in OPAC | 0 |
| Withdrawn status | Lost status | Source of classification or shelving scheme | Damaged status | Not for loan | Home library | Current library | Shelving location | Date acquired | Total Checkouts | Full call number | Barcode | Date last seen | Copy number | Price effective from | Koha item type |
|---|---|---|---|---|---|---|---|---|---|---|---|---|---|---|---|
| Dewey Decimal Classification | Virtual | Virtual | Online | 01/03/2006 | ONLINE PUBLICATION | 132708-1001 | 06/08/2019 | 1 | 06/08/2019 | Journal article |